[Event "15th Open"]
[Site "Ljubjana SLO"]
[Date "2004.07.12"]
[Round "4"]
[White "Gombac,Jan"]
[Black "Ftacnik,L"]
[Result "0-1"]
[WhiteElo "2250"]
[BlackElo "2549"]

1.g3 d5 2.Nf3 g6 3.d3 Bg7 4.Nbd2 e5 5.e4 Ne7 6.Bg2 O-O 7.O-O Nbc6 8.Re1 d4
9.Qe2 Nb4 10.Nb3 a5 11.a3 Nbc6 12.c3 a4 13.Nbd2 Re8 14.c4 Na5 15.Ng5 f6 16.Nh3 Bd7
17.f4 Qc8 18.Qf1 Rf8 19.Nf3 Nb3 20.Rb1 Bh6 21.Nd2 Nxc1 22.Rbxc1 g5 23.Rc2 g4
24.Nf2 exf4 25.gxf4 Bxf4 26.Qe2 Ng6 27.Nf1 Ra5 28.Nh1 Re5 29.Nhg3 c5 30.Qd1 Rfe8
31.Rce2 h5 32.Nf5 Qc7 33.N1g3 Kf7 34.Bh1 h4 35.Nf1 Bg5 36.Rf2 Nf4 37.Bg2 Bxf5
38.Rxf4 Bxf4 39.exf5 Rxe1 40.Qxg4 Bxh2+ 41.Kh1 Qg3 42.Bd5+ Ke7  0-1

[Event "15th Open"]
[Site "Ljubjana SLO"]
[Date "2004.07.14"]
[Round "7"]
[White "Kozul,Z"]
[Black "Podkriznik,G"]
[Result "1-0"]
[WhiteElo "2630"]
[BlackElo "2364"]

1.Nf3 d5 2.g3 c6 3.Bg2 Nf6 4.O-O Bg4 5.d3 Nbd7 6.Nbd2 e6 7.Qe1 Be7 8.e4 O-O
9.Kh1 a5 10.Ng1 dxe4 11.dxe4 e5 12.f4 exf4 13.gxf4 Ne8 14.Qg3 f5 15.e5 Kh8
16.a4 Nb6 17.Ngf3 Nc7 18.Nb3 Ne6 19.Qf2 Nd5 20.Nfd4 Ndc7 21.Be3 g5 22.Nxe6 Nxe6
23.Nd4 Nc7 24.c3 gxf4 25.Bxf4 Bg5 26.Rae1 Qe7 27.h3 Bh5 28.e6 Bg6 29.Bxg5 Qxg5
30.Re5 Rae8 31.Rfe1 Re7 32.Rxa5 Qh6 33.Rae5 f4 34.a5 Ra8 35.Kh2 Qg7 36.Qxf4 Rf8
37.Qg3 Rf6 38.h4  1-0

[Event "15th Open"]
[Site "Ljubjana SLO"]
[Date "2004.07.14"]
[Round "7"]
[White "Tratar,M"]
[Black "Lazar,Ales ML"]
[Result "1-0"]
[WhiteElo "2449"]
[BlackElo "2244"]

1.Nf3 d5 2.g3 Nf6 3.Bg2 c6 4.O-O Bg4 5.d3 Nbd7 6.Nbd2 e5 7.e4 dxe4 8.dxe4 Qc7
9.h3 Bxf3 10.Qxf3 Be7 11.Qe2 O-O 12.Nc4 Rfe8 13.b3 Rad8 14.a4 Bc5 15.Bd2 a6
16.a5 Nf8 17.Rfd1 Ne6 18.c3 Rd7 19.h4 Rdd8 20.b4 Ba7 21.Rab1 Re7 22.Kh2 Ree8
23.f3 Kh8 24.Bh3 Kg8 25.Be1 Nf8 26.Rb2 Rxd1 27.Qxd1 Rd8 28.Rd2 Rxd2+ 29.Qxd2 Ne8
30.Qd3 Qe7 31.Bd2 Qc7 32.Bg5 f6 33.Bd2 Kf7 34.f4 exf4 35.Bxf4 Qe7 36.e5 Ng6
37.Nd6+ Nxd6 38.e6+ Ke8 39.Bxd6 Ne5 40.Bxe5 fxe5 41.Qxh7 Qf6 42.Qg8+ Ke7
43.Qc8 Bf2 44.Qxb7+ Kf8 45.Qc8+ Ke7 46.Qd7+ Kf8 47.Qc8+ Ke7 48.Qd7+ Kf8 49.Qd3 Ke7
50.Bf5 g6 51.Bxg6 Kxe6 52.Be4 Ke7 53.Qf3 Be1 54.Qxf6+ Kxf6 55.Bxc6 Bxc3 56.b5 axb5
57.a6 Bd4 58.Bxb5 e4 59.g4 Ke5 60.Kg3 Ba7 61.g5 Bb8 62.Kg4  1-0

[Event "TCh-EY w"]
[Site "Obrenovac SCG"]
[Date "2004.07.14"]
[Round "5"]
[White "Pertlova,S"]
[Black "Shmirina,E"]
[Result "1/2-1/2"]
[WhiteElo "2098"]
[BlackElo "2182"]

1.Nf3 d5 2.g3 Nf6 3.Bg2 e6 4.O-O b6 5.c4 Bb7 6.Ne5 Be7 7.b3 O-O 8.Bb2 Qc8
9.cxd5 Nxd5 10.d4 Nf6 11.Nd2 Bxg2 12.Kxg2 Qb7+ 13.f3 Nbd7 14.Ndc4 a5 15.e4 Rfd8
16.Qe2 b5 17.Nxd7 Nxd7 18.Ne3 a4 19.d5 Bf6 20.dxe6 fxe6 21.Rfd1 Bxb2 22.Qxb2 Qb6
23.Ng4 Nc5 24.b4 Nb7 25.Qe5 Rxd1 26.Rxd1 Rd8 27.Rxd8+ Nxd8 28.Qg5 Nf7 29.Nf6+ Kh8
30.Qh5 gxf6 31.Qxf7 Qd6 32.Qxf6+ Kg8 33.Qg5+ Kf7 34.Qh5+ Kg7 35.Qxb5 Qd2+
36.Kh3 Qxa2 37.Qd7+ Kg6 38.f4 a3 39.Qe8+ Kg7 40.Qe7+ Kg8 41.Qd8+ Kg7 42.Qxc7+ Kg8
43.Qd8+ Kf7 44.Qd7+ Kf8 45.Qd8+ Kf7 46.Qc7+ Ke8 47.b5 Qe2 48.Qc8+ Kf7  1/2-1/2

[Event "Western Canadian Open"]
[Site "Richmond CAN"]
[Date "2004.07.14"]
[Round "6"]
[White "Milicevic,D"]
[Black "Ristovic,N"]
[Result "1/2-1/2"]
[WhiteElo "2180"]
[BlackElo "2281"]

1.Nf3 d5 2.g3 c6 3.Bg2 Bg4 4.d3 e6 5.Nbd2 Nd7 6.c4 Bd6 7.O-O Ngf6 8.b3 O-O
9.Bb2 a5 10.a3 Re8 11.Qc2 Qb6 12.h3 Bh5 13.Rac1 Rad8 14.g4 Bg6 15.Nh4 Bb8
16.Nxg6 hxg6 17.Rfd1 Ba7 18.e3 Bb8 19.Bc3 Qc7 20.Nf3 e5 21.cxd5 Nxd5 22.Bb2 Nf8
23.Qc4 Qe7 24.Kf1 Bd6 25.Ra1 Qf6 26.Kg1 Rd7 27.Nd2 Qd8 28.Ne4 Bb8 29.b4 Qb6
30.Qc5 Bc7 31.Qxb6 Bxb6 32.Nc5 Bxc5 33.bxc5 a4 34.Rac1 f6 35.Rc4 Ra8 36.Kf1 Nc7
37.Ke2 Nfe6 38.Bc3 Nb5 39.Bb4 Rad8 40.h4 f5 41.h5 e4 42.d4 gxh5 43.gxf5 Ng5
44.Rh1 Kf7 45.Rxh5 Kf6 46.Rc1 Rd5 47.Rxg5 Kxg5 48.Bxe4 R5d7 49.Rg1+ Kf6 50.Bd3 Nc7
51.Rg6+ Kf7 52.Bc4+ Kf8 53.Ba5 Rb8 54.Bxc7 Rxc7 55.f6 b5 56.cxb6 Rxb6 57.Kd3 Rb1
58.Kc2 Rh1 59.fxg7+ Rxg7 60.Rxc6 Rh2 61.Ra6 Rxf2+ 62.Kd3 Rg3 63.Bd5 Rh2 64.Re6 Rg1
65.Kc3 Rh3  1/2-1/2

[Event "Aegean Open"]
[Site "Agios Kirykos GRE"]
[Date "2004.07.15"]
[Round "4"]
[White "Nikolaou,G"]
[Black "Svetushkin,D"]
[Result "0-1"]
[WhiteElo "2244"]
[BlackElo "2546"]

1.Nf3 d5 2.g3 Nf6 3.Bg2 c6 4.b3 Bg4 5.Bb2 Nbd7 6.d3 e6 7.Nbd2 Be7 8.O-O O-O
9.c4 a5 10.a3 Bd6 11.h3 Bh5 12.Qc2 Qe7 13.Rfe1 e5 14.Nh4 Bg6 15.e4 dxe4 16.dxe4 Bc5
17.Ndf3 Rfe8 18.Bc3 Bxa3 19.Nxg6 hxg6 20.Nxe5 Nxe5 21.Bxe5 Qxe5 22.Rxa3 Nd7
23.Rea1 b6 24.b4 Red8 25.Kh2 g5 26.R1a2 c5 27.bxa5 bxa5 28.Rxa5 Rxa5 29.Rxa5 Qd4
30.Qa4 Qxf2 31.Ra8 Qf6 32.Rxd8+ Qxd8 33.Qc6 Qe7 34.Qd5 Ne5 35.Bf1 g4 36.Be2 gxh3
37.Kxh3 g6 38.Kg2 Kg7 39.Qd2 Nxc4 40.Qc3+ Ne5 41.Bc4 f6 42.Qb3 Qa7 43.Bd5 Qc7
44.Qb5 Qc8 45.Qb6 Qg4 46.Qc7+ Kh6 47.Qxc5 Qf3+ 48.Kg1 Qxg3+ 49.Kf1 Kg5 50.Qe7 Qe3
51.Qc7 Nd3 52.Qc2 Qf3+ 53.Kg1 Qg3+ 54.Kf1 Qe1+ 55.Kg2 Nf4+ 56.Kf3 Qf1+ 57.Ke3 Nxd5+
58.exd5 Qf4+  0-1

[Event "15th Open"]
[Site "Ljubjana SLO"]
[Date "2004.07.15"]
[Round "8"]
[White "Podkriznik,G"]
[Black "Sitnik,I"]
[Result "1/2-1/2"]
[WhiteElo "2364"]
[BlackElo "2254"]

1.Nf3 d5 2.g3 Nf6 3.Bg2 e6 4.O-O Be7 5.d3 O-O 6.Nbd2 c5 7.e4 Nc6 8.e5 Nd7
9.Re1 Re8 10.Nf1 Nf8 11.h4 b5 12.N1h2 Bb7 13.h5 h6 14.Bf4 Nh7 15.Qd2 Ng5
16.c3 d4 17.c4 bxc4 18.dxc4 Rb8 19.Ng4 Nb4 20.Bxg5 Bxg5 21.Nxg5 Qxg5 22.Qxg5 hxg5
23.Re2 Bxg2 24.Kxg2 Nc6 25.Rd1 Rb4 26.b3 a5 27.h6 Reb8 28.hxg7 Kxg7 29.Nf6 a4
30.Nd7 axb3 31.Nxb8 Rxb8 32.Rb2 bxa2 33.Rxb8 Nxb8 34.Ra1 Nc6 35.Rxa2 Nxe5
36.Ra5 d3 37.Kf1 Nxc4 38.Rxc5 Nd2+ 39.Ke1 Nf3+ 40.Kd1 g4 41.Rc3 d2 42.Rc4 f5
43.Ra4 Kf6 44.Ra5 e5 45.Ra6+ Kg5 46.Ra5 f4 47.gxf4+ Kxf4 48.Ra4+ e4 49.Ke2 Ke5
50.Rb4 g3 51.fxg3 e3 52.Kd1 Nd4 53.Rb2 Nf3 54.Rb4 Ne1 55.Rb2  1/2-1/2

[Event "ACT Open"]
[Site "Amsterdam NED"]
[Date "2004.07.17"]
[Round "1"]
[White "Nikolic,Pr"]
[Black "Strating,S"]
[Result "1-0"]
[WhiteElo "2671"]
[BlackElo "2307"]

1.Nf3 d5 2.g3 c6 3.Bg2 Nf6 4.O-O Bg4 5.d3 Nbd7 6.c4 Bxf3 7.Bxf3 Ne5 8.Bg2 dxc4
9.d4 Ned7 10.Qc2 Nb6 11.Rd1 e6 12.e4 Be7 13.a4 a5 14.Na3 Bxa3 15.Rxa3 O-O
16.h3 Nfd7 17.g4 Qc7 18.Be3 Rfd8 19.Bg5 Re8 20.Bh4 Qd6 21.Bg3 e5 22.dxe5 Qc5
23.Kh2 Nxe5 24.f4 Ng6 25.Rb3 Ra6 26.Bf2 cxb3 27.Qxc5 Nxa4 28.Qa3 b5 29.Be3  1-0

[Event "ACT Open"]
[Site "Amsterdam NED"]
[Date "2004.07.17"]
[Round "1"]
[White "Hartoch,R"]
[Black "Timman,J"]
[Result "1/2-1/2"]
[WhiteElo "2300"]
[BlackElo "2596"]

1.Nf3 d5 2.g3 c6 3.Bg2 Bg4 4.O-O Nd7 5.d3 Ngf6 6.Qe1 e5 7.e4 dxe4 8.dxe4 Bc5
9.Nbd2 Qc7 10.h3 Bh5 11.Nb3 Bxf3 12.Bxf3 Bb6 13.a4 a5 14.Be3 O-O 15.Qe2 Rfd8
16.Rfd1 h6 17.Bg2 Re8 18.f3 Nf8 19.Kh2 N6d7 20.Bf1 Re7 21.Qf2 Bxe3 22.Qxe3 Qb6
23.Qxb6 Nxb6 24.Nc5 Ne6 25.Nxe6 Rxe6 26.Kg2 Kf8 27.Kf2 Ke7 28.Ke3 Rg6 29.Kf2 Rd6
30.b3 g5 31.Ke3 Rad8 32.Be2 Nc8 33.c3 Rxd1 34.Bxd1 Nd6 35.Bc2 f6 36.Bd3 h5
37.b4 Ra8 38.h4 gxh4 39.gxh4 b6 40.bxa5 bxa5 41.Rg1 Kf7 42.Rb1 Ke6 43.Bc2 c5
44.Bb3+ c4 45.Bc2 f5 46.exf5+ Nxf5+ 47.Bxf5+ Kxf5 48.Rg1 Rd8 49.Rg5+ Kf6  1/2-1/2

[Event "XIII Open"]
[Site "Castellar del Valles ESP"]
[Date "2004.07.17"]
[Round "4"]
[White "Vidarte Morales,A"]
[Black "Magem Badals,J"]
[Result "1/2-1/2"]
[WhiteElo "2367"]
[BlackElo "2504"]

1.Nf3 d5 2.g3 Bg4 3.Bg2 Nd7 4.O-O e6 5.d3 Bd6 6.Qe1 Ne7 7.Nc3 c6 8.a4 O-O
9.Nd2 f5 10.f4 e5 11.fxe5 Nxe5 12.Nf3 N7g6 13.Nd4 Qd7 14.e3 Rae8 15.Bd2 Bh5
16.Qc1 Ng4 17.Nd1 N6e5 18.Nf2 h6 19.b4 Kh7 20.Nh1 Bg6  1/2-1/2

[Event "Glassy Stream Open"]
[Site "Kharkov UKR"]
[Date "2004.07.17"]
[Round "9"]
[White "Golinka,O"]
[Black "Skliar,A"]
[Result "0-1"]
[WhiteElo "2287"]
[BlackElo "2339"]

1.Nf3 d5 2.g3 Nf6 3.Bg2 c6 4.d3 Bg4 5.Nbd2 Nbd7 6.O-O e6 7.c4 Bd6 8.b3 O-O
9.Bb2 Re8 10.d4 Qb8 11.Re1 e5 12.cxd5 Nxd5 13.e4 N5b6 14.Qc2 a5 15.Rab1 h6
16.Nh4 Qd8 17.Nc4 Bb4 18.Rf1 exd4 19.Bxd4 Nxc4 20.bxc4 Ne5 21.Bxe5 Rxe5 22.Qb2 Re7
23.h3 Be6 24.Rfd1 Qf8 25.Qc2 Rd8 26.f4 Red7 27.Kh2 Rd2 28.Rxd2 Rxd2 29.Qc1 Rxa2
30.f5 Bc8 31.Qf4 Qd6 32.e5 Qd2 33.Qg4 Qe2 34.Rd1 Be7 35.f6 Qxg4 36.fxe7 Qxh3+
37.Kg1 Rxg2+ 38.Nxg2 Qd7 39.Rxd7 Bxd7 40.Ne3 a4 41.Nc2 f5 42.e6 Be8  0-1

[Event "111th ch-SCO"]
[Site "Hamilton SCO"]
[Date "2004.07.18"]
[Round "9"]
[White "McNab,C"]
[Black "Redpath,J"]
[Result "1-0"]
[WhiteElo "2427"]
[BlackElo "2219"]

1.Nf3 d5 2.g3 c6 3.Bg2 Nf6 4.b3 Bf5 5.Bb2 h6 6.d3 e6 7.Nbd2 Be7 8.O-O O-O
9.Re1 Nbd7 10.e4 Bh7 11.Qe2 b5 12.Kh1 Qb6 13.Ng1 a5 14.f4 a4 15.Rab1 axb3
16.axb3 Ra2 17.Ngf3 Rfa8 18.f5 exf5 19.exd5 Nxd5 20.c4 bxc4 21.bxc4 Rxb2
22.cxd5 Bf6 23.dxc6 Nf8 24.Nc4  1-0

[Event "ACT Open"]
[Site "Amsterdam NED"]
[Date "2004.07.23"]
[Round "7"]
[White "Vogel,Ja"]
[Black "Al Tamimi,H"]
[Result "1/2-1/2"]
[WhiteElo "2282"]
[BlackElo "2169"]

1.Nf3 d5 2.g3 Bg4 3.Bg2 c6 4.b3 Nd7 5.Bb2 e6 6.c4 Ngf6 7.O-O Bd6 8.d4 O-O
9.Ne5 Bf5 10.Nd2 a5 11.a4 Qe7 12.h3 h6 13.e3 Rfd8 14.Qe2 Ne4 15.Rfd1 Nxd2
16.Rxd2 Nf6 17.g4 Bh7 18.f3 Nd7 19.Nxd7 Rxd7 20.f4  1/2-1/2

[Event "ACT Open"]
[Site "Amsterdam NED"]
[Date "2004.07.23"]
[Round "7"]
[White "Hartoch,R"]
[Black "Van Gool,H"]
[Result "1-0"]
[WhiteElo "2300"]
[BlackElo "2180"]

1.Nf3 d5 2.g3 c6 3.Bg2 Bg4 4.O-O Nd7 5.d3 e5 6.e4 dxe4 7.dxe4 Bc5 8.Nbd2 Ngf6
9.h3 Bxf3 10.Qxf3 Qc7 11.Nb3 Bb6 12.Be3 O-O 13.Rfd1 Rad8 14.Bf1 Bxe3 15.Qxe3 b6
16.a4 c5 17.Nd2 Nb8 18.c3 Nc6 19.Nc4 Rxd1 20.Rxd1 Rd8 21.Rxd8+ Qxd8 22.Qd3 Qxd3
23.Bxd3 Ne8 24.Nxb6 axb6 25.Bb5 Na7 26.Bxe8 Kf8 27.Bd7 Ke7 28.Bg4 Kd6 29.Be2 Nc6
30.Bc4 f6 31.Kf1 Na5 32.Bg8 c4 33.Bxh7 Nb3 34.Bg8 Nc5 35.Bxc4 Nxa4 36.Bb3 Nxb2
37.Ke2 Kc5 38.f4 exf4 39.gxf4 b5 40.h4 Na4 41.Bxa4 bxa4 42.Kd3 g6 43.Kc2  1-0

[Event "ACT Open"]
[Site "Amsterdam NED"]
[Date "2004.07.23"]
[Round "7"]
[White "De Jong,M"]
[Black "Markus,J"]
[Result "1-0"]
[WhiteElo "2319"]
[BlackElo "2201"]

1.Nf3 d5 2.g3 g6 3.Bg2 Bg7 4.d4 Nf6 5.c4 c6 6.cxd5 cxd5 7.Nc3 O-O 8.Ne5 e6
9.O-O Nfd7 10.f4 Nxe5 11.fxe5 Nc6 12.Be3 Qa5 13.Qd2 Bd7 14.Bg5 Qb6 15.e3 Na5
16.b3 Qb4 17.Rad1 Kh8 18.e4 dxe4 19.Nxe4 Qxd2 20.Rxd2 Kg8 21.Nd6 Bc6 22.b4 Bxg2
23.Kxg2 Nc6 24.b5 Nb4 25.Rdf2 Nd5 26.Rxf7 Rxf7 27.Rxf7 h6 28.Bd2 a6 29.b6 Nxb6
30.Rxb7 Nd5 31.h4 Bf8 32.Nf7 Rc8 33.Bxh6 Rc2+ 34.Kh3 Rxa2 35.Bxf8 Kxf8 36.Ng5 a5
37.Nxe6+ Kg8 38.Nf4 Ne3 39.Rb3 Nf5 40.d5 a4 41.Rd3  1-0

[Event "MTO"]
[Site "Biel SUI"]
[Date "2004.07.23"]
[Round "5"]
[White "Roiz,M"]
[Black "Porper,E"]
[Result "0-1"]
[WhiteElo "2574"]
[BlackElo "2455"]

1.Nf3 d5 2.g3 c6 3.Bg2 Bg4 4.O-O Nd7 5.d3 e5 6.c4 dxc4 7.dxc4 Ngf6 8.Nc3 Be7
9.Qc2 O-O 10.b3 Re8 11.h3 Bh5 12.Nh4 Qc7 13.Bb2 Bf8 14.Rad1 Nc5 15.g4 Bg6
16.Nxg6 hxg6 17.e3 a5 18.Ba1 Qb6 19.Qb1 Qc7 20.Rd2 Qe7 21.Ne2 Nh7 22.f3 Qe6
23.Kh1 Na6 24.Ng3 Bc5 25.Re2 Qd7 26.f4 exf4 27.exf4 Rxe2 28.Nxe2 Re8 29.Ng3 Ba3
30.Ne4 Nc5 31.Nxc5 Bxc5 32.Bc3 Bb6 33.Qb2 Qd3 34.Bxg7 Re3 35.Kh2 Re2 36.Qc3 Rxg2+
37.Kxg2 Qe2+ 38.Kg3 Qxf1 39.Bd4 Bxd4 40.Qxd4 Nf8  0-1

[Event "12th Open"]
[Site "St Affrique FRA"]
[Date "2004.07.24"]
[Round "1"]
[White "Bricard,E"]
[Black "Chevant,L"]
[Result "1/2-1/2"]
[WhiteElo "2460"]
[BlackElo "2152"]

1.Nf3 d5 2.g3 Nf6 3.Bg2 Bf5 4.d3 h6 5.c4 e6 6.O-O Be7 7.Qb3 b6 8.cxd5 exd5
9.Nc3 c6 10.Nd4 Bg6 11.Bf4 Bd6 12.Rad1 Bxf4 13.gxf4 Qd6 14.e4 Qxf4 15.Nde2 Qd6
16.exd5 O-O 17.Ng3 cxd5 18.Nxd5 Nc6 19.Ne4 Bxe4 20.dxe4 Nxd5 21.Rxd5 Qe6
22.f4 Ne7 23.Re5 Qxb3 24.axb3 Nc6 25.Rd5 Rad8 26.Rfd1 Rxd5 27.exd5 Na5 28.b4 Nc4
29.d6 Ne3 30.Rd3 Nxg2 31.Kxg2 f5 32.Rd5 Rd8 33.d7 Kf7 34.Rxf5+ Ke6 35.Re5+ Kxd7
36.Rd5+ Ke7 37.Rxd8 Kxd8 38.Kf3 Ke7 39.Ke4 Ke6 40.f5+ Kf6 41.Kf4 b5 42.h4 g6
43.fxg6  1/2-1/2

[Event "Sanjin Hotel Cup"]
[Site "Taiyuan CHN"]
[Date "2004.07.24"]
[Round "7"]
[White "Bu Xiangzhi"]
[Black "Xu Jun"]
[Result "1-0"]
[WhiteElo "2620"]
[BlackElo "2617"]

1.Nf3 d5 2.g3 c6 3.Bg2 Bf5 4.O-O e6 5.d3 h6 6.Nbd2 Nf6 7.Qe1 Be7 8.e4 Bh7
9.Ne5 O-O 10.f4 dxe4 11.dxe4 Nbd7 12.Nd3 Nc5 13.Nxc5 Bxc5+ 14.Kh1 Qc7 15.a4 Rad8
16.Nb3 Be7 17.Bd2 c5 18.Bc3 c4 19.Nd2 a5 20.Qe2 Rc8 21.Rad1 Rfd8 22.f5 exf5
23.exf5 Re8 24.Qf3 b6 25.g4 Kh8 26.h3 Bg8 27.Qf4 Red8 28.Qxc7 Rxc7 29.Ne4 Nxe4
30.Bxe4 Rxd1 31.Rxd1 f6 32.Kg2 Bf7 33.Bf3 Bc5 34.Rd8+ Kh7 35.Be4 Be7 36.Rb8 Bc5
37.Rd8 Be7 38.Rb8 Bc5 39.Kf3 Rd7 40.Rc8 Bd5 41.Bxd5 Rxd5 42.Ke4 Rd7 43.Rc6 Bg1
44.Rxc4 Re7+ 45.Kf3 h5 46.gxh5 Rd7 47.h6  1-0

[Event "ACT Open"]
[Site "Amsterdam NED"]
[Date "2004.07.25"]
[Round "9"]
[White "Vogel,Ja"]
[Black "Bensdorp,M"]
[Result "1-0"]
[WhiteElo "2282"]
[BlackElo "2238"]

1.Nf3 d5 2.g3 Nc6 3.d4 Bg4 4.Bg2 Qd7 5.h3 Bh5 6.Ne5 Nxe5 7.dxe5 c6 8.c4 dxc4
9.Qxd7+ Kxd7 10.Na3 c3 11.bxc3 e6 12.Nc4 Bc5 13.Na5 Kc7 14.Nb3 Be7 15.e4 g5
16.Be3 b6 17.a4 c5 18.a5 Kb7 19.g4 Bg6 20.h4 gxh4 21.f4 h6 22.f5 Bh7 23.f6 Bd8
24.axb6 axb6 25.Rxa8 Kxa8 26.O-O Bc7 27.Bf4 Kb7 28.Kh2 Bg6 29.Kh3 Kc6 30.Kxh4 Rh7
31.Bg3 Rh8 32.Nd2 b5 33.Ra1 Kb7 34.c4 Bd8 35.Kh3 b4 36.Nb3 Bb6 37.Rd1 Kc7
38.Bf2 h5 39.g5 h4 40.Bf3 Bh5 41.Bxh5 Rxh5 42.Be3 Kc6 43.g6  1-0

[Event "ch-AUT"]
[Site "Hartberg AUT"]
[Date "2004.07.25"]
[Round "2"]
[White "Weiss,C"]
[Black "Ferrari,J"]
[Result "1-0"]
[WhiteElo "2408"]
[BlackElo "2220"]

1.Nf3 d5 2.g3 Nf6 3.Bg2 e6 4.O-O c5 5.d3 g6 6.Nbd2 Bg7 7.e4 O-O 8.Qe2 Nc6
9.Rd1 Qc7 10.c3 b6 11.Nf1 Bb7 12.Bf4 e5 13.Bg5 d4 14.cxd4 Nxd4 15.Nxd4 cxd4
16.Rdc1 Qd7 17.h4 Rfc8 18.Nd2 Rxc1+ 19.Rxc1 h6 20.Bxf6 Bxf6 21.Kh2 Qd8 22.Bh3 Bc8
23.Rxc8 Rxc8 24.Bxc8 Qxc8 25.Qd1 Qc7 26.Kg2 Kg7 27.Nf3 h5 28.Qa4 a5 29.Qb5 Kf8
30.Qd5 Qc2 31.Qd6+ Kg7 32.Nxe5 Qxb2 33.Nd7  1-0

[Event "17th Open"]
[Site "Kiel GER"]
[Date "2004.07.25"]
[Round "4"]
[White "Seibicke,R"]
[Black "Hansen,Vi"]
[Result "1-0"]
[WhiteElo "2225"]
[BlackElo "2105"]

1.Nf3 d5 2.g3 c5 3.Bg2 Nc6 4.O-O Bg4 5.h3 Bf5 6.d3 Qd7 7.Kh2 e6 8.c3 Bd6
9.Nbd2 Nf6 10.Qe1 Bg6 11.e4 dxe4 12.dxe4 Bc7 13.Qe2 O-O 14.e5 Ne8 15.Ne4 Qd5
16.Nh4 Bxe4 17.Bxe4 Qxe5 18.Bf4 Qf6 19.Bxc7 Nxc7 20.Qh5 g6 21.Qxc5 Qe7 22.Qxe7 Nxe7
23.Rad1 Ncd5 24.Rd2 Rac8 25.f4 b6 26.Kg1 Nf6 27.Bg2 Ned5 28.Kf2 Rc4 29.Re1 Rfc8
30.Bf3 b5 31.a3 a5 32.f5 Rxh4 33.gxh4 gxf5 34.Rd4 Kf8 35.h5 Nb6 36.Re5 b4
37.axb4 axb4 38.Rxb4 Nbd7 39.Reb5 e5 40.Rb7 Kg7 41.R4b5 Nc5 42.Re7 e4 43.Be2 f4
44.Re5 Ncd7 45.Rf5 f3 46.Bf1 Rc6 47.Rb4 Re6 48.Ke3 Ne5 49.Rb5 Ned7 50.b4 Rd6
51.Ra5 Rd1 52.Ba6 Nb6 53.Rxf6 Kxf6 54.Kxe4  1-0

[Event "Skanska Open"]
[Site "Pardubice CZE"]
[Date "2004.07.25"]
[Round "3"]
[White "Gasthofer,A"]
[Black "Grachev,B"]
[Result "1/2-1/2"]
[WhiteElo "2434"]
[BlackElo "2513"]

1.Nf3 d5 2.g3 Nf6 3.Bg2 c6 4.O-O Bf5 5.d3 h6 6.Nbd2 Bh7 7.Qe1 e6 8.e4 Be7
9.Ne5 O-O 10.f4 Nbd7 11.Nxd7 Nxd7 12.Kh1 Re8 13.g4 a5 14.a4 Nc5 15.e5 Nd7
16.Qe2 c5 17.b3 f5 18.exf6 Bxf6 19.Rb1 Kh8 20.Nf3 e5 21.fxe5 Nxe5 22.Nxe5 Bxe5
23.Qf3 Bg8 24.g5 Rf8 25.Qh3 Rxf1+ 26.Bxf1 Qd6 27.gxh6 g6 28.Bg2 Rf8 29.Bg5  1/2-1/2

[Event "MTO"]
[Site "Biel SUI"]
[Date "2004.07.27"]
[Round "8"]
[White "Kritz,L"]
[Black "Raetsky,A"]
[Result "0-1"]
[WhiteElo "2541"]
[BlackElo "2399"]

1.Nf3 d5 2.g3 g6 3.Bg2 Bg7 4.c4 d4 5.d3 e5 6.O-O Ne7 7.Na3 Nbc6 8.Nc2 a5
9.b3 O-O 10.Bb2 h6 11.a3 Rb8 12.b4 axb4 13.Nxb4 Na5 14.c5 Be6 15.Nd2 Qd7
16.Qc2 Nd5 17.Rfe1 Rfd8 18.Rab1 Ra8 19.Rec1 Nxb4 20.axb4 Nc6 21.b5 Nb4 22.c6 bxc6
23.Qc5 Nd5 24.bxc6 Qe8 25.Ra1 Bf8 26.Qc2 Nb4 27.Qd1 Na2 28.Rcb1 Rdb8 29.f4 Nc3
30.Bxc3 dxc3 31.Ne4 Bg7 32.Rxa8 Rxa8 33.fxe5 Bxe5 34.d4 Bg7 35.Nxc3 Rd8 36.Rb4 Qe7
37.Ra4 Qg5 38.Qd3 Qc1+ 39.Kf2 Bf5 40.e4 Qb2+ 41.Ne2 Bg4 42.Bf3 Bh3 43.Rc4 h5
44.Qe3 Kh7 45.e5 Bh6 46.Qd3 Ra8 47.Rc2 Qb1 48.Nc3 Qb3 49.Bd5 Qb4 50.Bg2 Be6
51.Nd5 Qb1 52.Nc3 Qb3 53.Be4 Ra1 54.Qb5 Qa3 55.Kg2 h4 56.gxh4 Qe7 57.Qb2 Re1
58.Rf2 Qxh4 59.Rf3 Bf4 60.h3 Qg5+  0-1

[Event "Open Dutch Champ"]
[Site "Dieren NED"]
[Date "2004.07.27"]
[Round "1"]
[White "Hartoch,R"]
[Black "Van Rosmalen,J"]
[Result "1-0"]
[WhiteElo "2300"]
[BlackElo "2115"]

1.Nf3 d5 2.g3 Nf6 3.Bg2 Bf5 4.O-O e6 5.d3 Nbd7 6.Nbd2 h6 7.Qe1 Bh7 8.b3 Be7
9.Bb2 O-O 10.e4 dxe4 11.dxe4 c6 12.Qe2 Qc7 13.a3 Rfd8 14.Rfd1 Bc5 15.b4 Bb6
16.c4 a5 17.Ne1 axb4 18.axb4 Rxa1 19.Bxa1 Qb8 20.e5 Ne8 21.c5 Ba7 22.Nc4 Nc7
23.Nd6 Nd5 24.Bxd5 cxd5 25.Qb5 b6 26.c6 Nf8 27.Rc1 Qc7 28.Qa6 b5 29.Nxb5 Qb6
30.Qxb6 Bxb6 31.Bd4 Bxd4 32.Nxd4  1-0

[Event "12th Open"]
[Site "St Affrique FRA"]
[Date "2004.07.27"]
[Round "5"]
[White "Bricard,E"]
[Black "Cousigne,F"]
[Result "1-0"]
[WhiteElo "2460"]
[BlackElo "2230"]

1.Nf3 d5 2.g3 c6 3.Bg2 Nf6 4.O-O Bg4 5.d3 Nbd7 6.Nbd2 e5 7.e4 dxe4 8.dxe4 Be7
9.h3 Bxf3 10.Qxf3 O-O 11.a4 a5 12.Nc4 Qc7 13.b3 Nc5 14.Bb2 Nfd7 15.h4 Rfd8
16.Bh3 f6 17.Ne3 Nf8 18.Nf5 Nfe6 19.Rfd1 Rxd1+ 20.Rxd1 Rd8 21.Rxd8+ Qxd8
22.Nxe7+ Qxe7 23.Qc3 b6 24.Qc4 Kf7 25.Ba3 Kg6 26.Bf5+ Kh6 27.Bxe6 Qxe6 28.Bxc5 Qxc4
29.Be3+  1-0

[Event "2nd Asean GM"]
[Site "Bangkok THA"]
[Date "2004.07.28"]
[Round "9"]
[White "Aung Aung"]
[Black "Dao Thien Hai"]
[Result "1/2-1/2"]
[WhiteElo "2498"]
[BlackElo "2583"]

1.Nf3 d5 2.g3 Bg4 3.Bg2 Nd7 4.d3 e6 5.Nbd2 c6 6.b3 Ngf6 7.Bb2 Bc5 8.c4 O-O
9.O-O a5 10.a3 Re8 11.Qc2 Rc8 12.e3 Bf8 13.h3 Bh5 14.g4 Bg6 15.Nh4 Nc5 16.Nxg6 hxg6
17.d4 Ncd7 18.e4 dxe4 19.Nxe4 Nxe4 20.Qxe4 Qb6 21.Qc2 e5 22.Rfd1 exd4 23.Bxd4 Qc7
24.c5 Be7 25.b4 axb4 26.axb4  1/2-1/2

[Event "2nd Asean GM"]
[Site "Bangkok THA"]
[Date "2004.07.28"]
[Round "10"]
[White "Aung Aung"]
[Black "Yu Shaoteng"]
[Result "1/2-1/2"]
[WhiteElo "2498"]
[BlackElo "2476"]

1.g3 d5 2.Nf3 Nf6 3.Bg2 e6 4.O-O Be7 5.d3 O-O 6.Nbd2 c5 7.e4 Nc6 8.Re1 b5
9.e5 Nd7 10.Nf1 a5 11.h4 b4 12.Bf4 Ba6 13.h5 a4 14.a3 Bb5 15.c3 Na5 16.Ne3 Nb3
17.Rb1 bxc3 18.bxc3 d4 19.cxd4 cxd4 20.Nc2 Bc6 21.Ncxd4 Nxd4 22.Nxd4 Bxg2
23.Kxg2 Bxa3 24.h6 g6 25.Nc6 Qc7 26.Qf3 Rfc8 27.Rec1 Nc5 28.Rc3 Nb3 29.Bg5 Qd7
30.Qf6 Bf8 31.Ne7+ Qxe7 32.Qxe7 Bxe7 33.Rxc8+ Rxc8 34.Bxe7 Rc7 35.Bd6 Rc6
36.Rb2 Rc1 37.Ra2 Ra1 38.Rc2 Rc1 39.Ra2  1/2-1/2

[Event "Open"]
[Site "Charleroi BEL"]
[Date "2004.07.31"]
[Round "2"]
[White "Foisor,C"]
[Black "Lui,E"]
[Result "1-0"]
[WhiteElo "2438"]
[BlackElo "2011"]

1.Nf3 d5 2.g3 Bg4 3.Bg2 c6 4.d3 Nf6 5.Nbd2 Nbd7 6.h3 Bh5 7.O-O e6 8.Qe1 Be7
9.e4 dxe4 10.dxe4 e5 11.Qe2 O-O 12.Rd1 Qc7 13.g4 Bg6 14.Nh4 Rfe8 15.Nf5 Bf8
16.Nf1 Nc5 17.N1g3 Nfd7 18.h4 f6 19.g5 fxg5 20.Bxg5 Ne6 21.Qg4 Ndc5 22.Be3 Rad8
23.h5 Bf7 24.Nxg7 Nxg7 25.h6 Bg6 26.hxg7 Qxg7 27.Rxd8 Rxd8 28.a4 Qd7 29.Qg5 Ne6
30.Qxe5 Bg7 31.Qa5 Bxb2 32.Rf1 b6 33.Qb4 Be5 34.f4 Bd4 35.Bxd4 Qxd4+ 36.Qxd4 Nxd4
37.f5 Nxc2 38.fxg6 hxg6 39.Rf6 c5 40.Rxg6+ Kf7 41.Rh6 Rg8 42.Kf2 Rg6 43.Rh7+ Rg7
44.Rh5  1-0

[Event "Liepajas Rokade"]
[Site "Liepaya LAT"]
[Date "2004.07.31"]
[Round "4"]
[White "Kveinys,A"]
[Black "Sveshnikov,E"]
[Result "1/2-1/2"]
[WhiteElo "2565"]
[BlackElo "2508"]

1.Nf3 d5 2.g3 c6 3.Bg2 Nf6 4.O-O Bf5 5.d3 e6 6.Nc3 Bb4 7.a3 Bxc3 8.bxc3 Nbd7
9.a4 O-O 10.Nd2 e5 11.c4 Be6 12.cxd5 cxd5 13.c4 dxc4 14.Nxc4 Bxc4 15.dxc4 Nc5
16.Qxd8 Rfxd8 17.a5 Rac8 18.Bb2 Nb3 19.Ra4 Rc5 20.Bxb7 Nxa5 21.Ba6 Nc6 22.Ba3 Ra5
23.Rxa5 Nxa5 24.Bb5 a6 25.Bxa6 Ra8 26.Rb1 h5 27.Bb5 Nxc4 28.Bxc4 Rxa3 29.Rb8+ Kh7
30.Bxf7 Ra7 31.Be6 Re7  1/2-1/2

[Event "Liepajas Rokade"]
[Site "Liepaya LAT"]
[Date "2004.08.01"]
[Round "11"]
[White "Luckans,A"]
[Black "Sveshnikov,V"]
[Result "1/2-1/2"]
[WhiteElo "2455"]
[BlackElo "2186"]

1.Nf3 d5 2.g3 Nf6 3.Bg2 Bf5 4.c4 e6 5.b3 Be7 6.Bb2 O-O 7.O-O c6 8.a3 a5 9.d3 Na6
10.Nbd2 Re8 11.Qc2 h6 12.Rad1 Bh7 13.Qc1 Rc8 14.Qa1 b5 15.Ne5 b4 16.a4 Nc5
17.Rc1 Ncd7 18.Ndf3 Bf8 19.Rfd1 Nxe5 20.Nxe5 Nd7 21.cxd5 cxd5 22.Rxc8 Qxc8
23.Rc1 Qb7 24.Nxd7 Qxd7 25.Bd4 Rc8 26.Qb2 Rc6 27.Kf1 Qc7 28.Rxc6 Qxc6 29.Ke1 f6
30.f4  1/2-1/2

[Event "Liepajas Rokade"]
[Site "Liepaya LAT"]
[Date "2004.08.01"]
[Round "13"]
[White "Kengis,E"]
[Black "Sveshnikov,E"]
[Result "1-0"]
[WhiteElo "2563"]
[BlackElo "2508"]

1.Nf3 d5 2.g3 c6 3.Bg2 Nf6 4.O-O Bf5 5.d3 e6 6.Nfd2 Bg6 7.e4 h5 8.e5 Nfd7
9.Nf3 h4 10.Nxh4 Nxe5 11.Nxg6 Nxg6 12.Nd2 Be7 13.Nf3 Nd7 14.c4 Bf6 15.cxd5 cxd5
16.d4 Qb6 17.b3 O-O 18.Be3 Rfd8 19.h4 Rac8 20.h5 Ngf8 21.g4 Be7 22.g5 Rc3
23.Nh4 Rxe3 24.fxe3 Bxg5 25.Qe1 Nf6 26.Nf3 Bh6 27.Ne5 N8d7 28.Nxd7 Rxd7 29.Qe2 Rc7
30.Rac1 Rc6 31.Rxc6 bxc6 32.Bf3 Qc7 33.Kg2 e5 34.dxe5 Qxe5  1-0

[Event "Open Dutch Champ"]
[Site "Dieren NED"]
[Date "2004.08.02"]
[Round "6"]
[White "Vogel,Ja"]
[Black "Friesen,B"]
[Result "1/2-1/2"]
[WhiteElo "2282"]
[BlackElo "2040"]

1.Nf3 d5 2.g3 Nf6 3.Bg2 c5 4.O-O Nc6 5.d4 e6 6.c4 Be7 7.cxd5 exd5 8.Nc3 O-O
9.Bg5 cxd4 10.Nxd4 h6 11.Be3 Re8 12.Rc1 Bg4 13.h3 Be6 14.Kh2 Bf8 15.Nxc6 bxc6
16.Bd4 Bd7 17.e3 a5 18.Na4 Ne4 19.Nc5 Nxc5 20.Bxc5 Bxc5 21.Rxc5 Qb6 22.Qc1 Rab8  1/2-1/2